LEADER 01042cam1 2200349 450 001 990003610530203316 005 20120116095028.0 035 $a000361053 035 $aUSA01000361053 035 $a(ALEPH)000361053USA01 035 $a000361053 100 $a20120116g----9999km-y0itay50------ba 101 0 $aita 102 $aIT 105 $a||||||||001yy 200 1 $a<> scavi di via Marmorata$fa cura di Alessandra Capodiferro e Paola Quaranta 210 $aMilano$cElecta 215 $avolumi$d28 cm 463 \1$1001990003610550203316$12001 $a<> Alle pendici dell'Aventino 606 0 $aScavi archeologici$yRoma$z2008-2010$2BNCF 676 $a937.63 702 1$aCAPODIFERO,$bAlessandra 702 1$aQUARANTA,$bPaola 801 0$aIT$bsalbc$gISBD 912 $a990003610530203316 951 $aIX.4./2$bL.M.$cIX.4. 959 $aBK 969 $aUMA 979 $aPASSARO$b90$c20120116$lUSA01$h0943 979 $aPASSARO$b90$c20120116$lUSA01$h0950 996 $aScavi di via Marmorata$9841243 997 $aUNISA LEADER 01240nam 2200421 450 001 9910159397803321 005 20230807193812.0 010 $a3-527-69742-X 035 $a(CKB)3710000000495674 035 $a(EBL)4044626 035 $a(MiAaPQ)EBC4044626 035 $a(EXLCZ)993710000000495674 100 $a20160110h20152015 uy 0 101 0 $ager 135 $aur|n|---||||| 181 $2rdacontent 182 $2rdamedia 183 $2rdacarrier 200 14$aDie 12 Lektionen zur Fhrung im Change Management /$fFrances Hesselbein, Rob Johnston ; U?bersetzt von Silvia Kinkel 205 $a1. Auflage. 210 1$aWeinheim, [Germany] :$cWiley-VCH,$d2015. 210 4$dİ2015 215 $a1 online resource (117 p.) 300 $aIncludes index. 311 $a3-527-50835-X 606 $aOrganizational change$xManagement 615 0$aOrganizational change$xManagement. 676 $a658.406 700 $aHesselbein$b Frances $0934780 702 $aJohnston$b Rob 702 $aKinkel$b Silvia 801 0$bMiAaPQ 801 1$bMiAaPQ 801 2$bMiAaPQ 906 $aBOOK 912 $a9910159397803321 996 $aDie 12 Lektionen zur Fhrung im Change Management$93407875 997 $aUNINA